00662nam a22001935i 4500001000700000003000900007005001700016007000300033008004100036245012400077260004600201300002800247490002300275505005300298651004300351651003000394830002300424852002100447102886ES-MaACL20250831014815.0t|950928s1898 sp ||||1| spa d04aLos Estados Unidos por dentro b: geografía, historia, constitución, organización militar (guerra y marina), etc. aMadrid : b[s.n.], c1898 (fTip. Herres) a104, CLXI p. ; c19 cm.1 aColección Herres8 aContiene además: Constitución de los EE. UU. 4aEstados Unidos-xDescripción-yS.XIX 4aEstados Unidos-xHistoria1 aColección Herres aES-MaACLjC-3572